00727cam a2200193 a 4500020001500000082001600015100002300031245004500054250001200099260004700111300002500158500012700183500002000310650002000330650004400350700002300394856006200417856005400479 a076741064500a519.5 bTHO1 aThorne, B. Michael10aStatistics for the behavioral sciences / a3rd ed. aMountain View, Calif. :bMayfield,cc2000. axx, 439 p. :bill. ; aAn Instructor's manual, a Study guide with computer exercises, and a Solutions manual are available to accompany the text. aIncludes index. 0aSocial sciences 0aPsychometrics.aStatistical mathematics1 aGiesen, J. Martin.42uhttp://www.loc.gov/catdir/description/mh024/99033807.html41uhttp://www.loc.gov/catdir/toc/mh023/99033807.html